ロード中...
Islam mathathathovinjanam tr by N, Hameed /
| 第一著者: | |
|---|---|
| 言語: | Undetermined |
| 出版事項: |
1962.
|
| 版: | 2nd ed. |
| LEADER | 00443nam a2200133Ia 4500 | ||
|---|---|---|---|
| 001 | 76704 | ||
| 008 | 170722s9999 xx 000 0 und d | ||
| 100 | |a Gulam Ahammed, Hazrathe Mirsa | ||
| 245 | |a Islam mathathathovinjanam tr by N, Hameed / | ||
| 250 | |a 2nd ed. | ||
| 260 | |c 1962. | ||
| 942 | |c GEN | ||
| 999 | |c 58472 |d 58472 | ||
| 952 | |0 0 |1 0 |4 0 |6 R_3_000000000000000_Q7_32K2 |7 0 |8 LC1 |9 83448 |a LIB |b LIB |d 2017-08-12 |h LC1 |o R3.(Q7) 32K2 |p 84649 |r 2017-08-12 |w 2017-08-12 |y GEN | ||